| 000 | 00780nam a22002417a 4500 | ||
|---|---|---|---|
| 999 |
_c7211 _d7211 |
||
| 003 | AR-CdUCM | ||
| 008 | 190308b ||||| |||| 00| 0 spa d | ||
| 040 |
_aMUNICIPALIDAD PROVINCIAL DEL CUSCO _cBIBLIOTECA MUNICIPAL DEL CUSCO |
||
| 082 |
_a759.946 / _bM26 |
||
| 100 |
_aMartini, Alberto _920330 |
||
| 245 |
_aLa mas grandiosa colección de arte del mundo : _bPicasso / |
||
| 260 |
_aBuenos Aires : _bCodex S.A., _c1964. |
||
| 300 |
_a27 paginas ; _bIlustraciones en color, _c35 cm ; |
||
| 440 |
_aPinacoteca de Los Genios _n51 _920331 |
||
| 500 | _aSegunda parte | ||
| 505 | _aContenido: Arte | ||
| 650 |
_aArte _9561 |
||
| 650 |
_aEspaña _9176 |
||
| 650 |
_aPintura _93081 |
||
| 700 |
_aLópez Pacheco, Jesús (traducción) _916425 |
||
| 942 |
_2ddc _cLIBROS |
||
| 945 | _anom | ||